000
00202nmm a2200085Ia 4500
008
220120s9999||||xx |||||||||||||||||und||
100
_a
EFY
245
0
_a
Embedded for you
260
_a
Embedded for you
_c
2015
999
_c
139976
_d
139976